Statistics for Chess openings by picture

Click here to take the quiz!

General Stats

  • This quiz has been taken 70 times
  • The average score is 13 of 16

Answer Stats

Answer% Correct
Italian Game
95%
Queen‘s Gambit
95%
Sicilian Defense
93%
French Defense
91%
King‘s Gambit
91%
Ruy López / Spanish
91%
Scandinavian Defense
88%
Caro-Kann Defense
84%
English Opening
82%
Vienna Game
77%
Four Knights Game
75%
London System
75%
Scotch Game
75%
Slav Defense
75%
Pirc Defense
60%
Catalan Opening
51%

Score Distribution

Percentile by Number Answered

Percent of People with Each Score

Your Score History

You have not taken this quiz